[Event "Druzynowe Mistrzostwa Polski Juniorow - I liga"]
[Site "Suchedniow"]
[Date "1899-12-30"]
[Round "6.8"]
[White "Planeta, Wojciech"]
[Black "Kozak, Antoni"]
[Result "0-1"]
[WhiteTitle "I+"]
[BlackTitle "I+"]
[WhiteElo "1726"]
[BlackElo "2047"]

1. e4 c6 2. d4 d5 3. Nc3 dxe4 4. Nxe4 Bf5 5. Ng3 Bg6 6. h4 h6 7. Nf3 Nd7 8. h5
Bh7 9. Bd3 Bxd3 10. Qxd3 Ngf6 11. c4 e6 12. Bd2 Qc7 13. Qe2 Bd6 14. Nf5 Bf4 15.
Bxf4 Qxf4 16. Ne3 O-O-O 17. O-O-O c5 18. Rh4 Qc7 19. d5 exd5 20. Nxd5 Nxd5 21.
Rxd5 Nf6 22. Re5 Rhe8 23. Rh1 Rxe5 24. Qxe5 Re8 25. Qf5+ Kb8 26. Re1 Rxe1+ 27.
Nxe1 b6 28. Nd3 Qh2 29. Qe5+ Qxe5 30. Nxe5 Nxh5 31. Nxf7 Nf4 32. Nd6 Nxg2 33.
Nf5 Nf4 34. Nxg7 Nd3+ 35. Kc2 Nxf2 36. Kd2 Ng4 37. b3 Ne5 38. Ke3 Nc6 39. Nf5
h5 40. Ng3 h4 41. Ne4 Nb4 42. Nc3 a6 43. Kf4 Kc7 44. Kg4 Kd6 45. Kxh4 Ke5 46.
a3 Nc2 47. Na4 Nxa3 48. Nxb6 Nc2 49. Kg3 Nd4 50. Kf2 Ke4 51. Na4 Nxb3 52. Ke2
Kd4 53. Kd1 Kxc4 54. Kc2 Nd4+ 55. Kb2 Ne6 56. Kc2 Nc7 57. Nb6+ Kb4 58. Nd7 Nb5
59. Ne5 Nd4+ 60. Kb2 c4 61. Kb1 c3 62. Nd3+ Kc4 63. Nc1 Nb3 64. Na2 Kd3 65. Nxc3
Kxc3 66. Ka2 Nc5 67. Ka3 a5 68. Ka2 Kb4 69. Kb2 a4 70. Ka2 a3 71. Ka1 Kb3 72.
Kb1 Nd3 73. Ka1 Nb4 0-1

[Event "Druzynowe Mistrzostwa Polski Juniorow - I liga"]
[Site "Suchedniow"]
[Date "1899-12-30"]
[Round "6.9"]
[White "Mis, Mieszko"]
[Black "Zabrzanska, Weronika"]
[Result "1-0"]
[WhiteTitle "I++"]
[BlackTitle "I"]
[WhiteElo "2041"]
[BlackElo "1479"]

1. d4 d5 2. Nf3 Nf6 3. g3 e6 4. Bg2 Be7 5. O-O O-O 6. c4 c6 7. Nc3 b6 8. Nd2 Bb7
9. e4 dxe4 10. Ndxe4 Nbd7 11. Be3 Nxe4 12. Nxe4 Nf6 13. Nc3 h6 14. Qe2 Qc7 15.
Rac1 Ba6 16. Bf4 Bd6 17. Nb5 Bxb5 18. cxb5 Bxf4 19. Rxc6 Qd7 20. gxf4 Nd5 21.
Qe5 Rfe8 22. f5 a6 23. fxe6 fxe6 24. Re1 Rad8 25. Rxe6 Qxe6 26. Qxe6+ Rxe6 27.
Rxe6 Nc7 28. Rxb6 axb5 29. Rb7 Ne6 30. Rxb5 Nxd4 31. Rd5 Rxd5 32. Bxd5+ Kf8 33.
a4 Ke7 34. a5 Nb5 35. a6 Nc7 36. a7 Kd6 37. a8=Q Nxa8 38. Bxa8 Kd5 1-0

[Event "Druzynowe Mistrzostwa Polski Juniorow - I liga"]
[Site "Suchedniow"]
[Date "1899-12-30"]
[Round "6.10"]
[White "Wikar, Martyna"]
[Black "Kucharski, Bartlomiej"]
[Result "1-0"]
[WhiteTitle "I++"]
[BlackTitle "II+"]
[WhiteElo "1759"]
[BlackElo "1742"]

1. e4 c6 2. d4 d5 3. e5 Bf5 4. Nc3 e6 5. g4 Bg6 6. Nge2 c5 7. h4 h5 8. Nf4 Bh7
9. g5 cxd4 10. Qxd4 Nc6 11. Bb5 Nge7 12. g6 Bxg6 13. Nxg6 Nxg6 14. Bg5 Qd7 15.
Bxc6 Qxc6 16. f4 Bc5 17. Qd3 Bb4 18. Rh3 Rc8 19. Qd4 Qc5 20. O-O-O Qxd4 21. Rxd4
Bxc3 22. Rxc3 O-O 23. Ra3 a6 24. Rb4 Rc7 25. Rab3 b5 26. a4 Rfc8 27. c3 bxa4 28.
Rxa4 Rc4 29. Rbb4 Rxb4 30. Rxb4 Rc6 31. Kc2 Kh7 32. Kd3 Nf8 33. Rb7 Kg6 34. Be7
Nh7 35. b3 f6 36. Bd6 Rc8 37. c4 dxc4+ 38. bxc4 fxe5 39. fxe5 Nf8 40. c5 Kh6 41.
c6 Ng6 42. c7 Nf4+ 43. Ke4 Nd5 44. Rb8 Ne7 45. Bxe7 Rxc7 46. Bg5+ Kg6 47. Rb6
Rc4+ 48. Kd3 Ra4 49. Rxe6+ Kf5 50. Re8 a5 51. e6 Ra1 52. e7 a4 53. Rf8+ Kg4 54.
e8=Q 1-0

[Event "Druzynowe Mistrzostwa Polski Juniorow - I liga"]
[Site "Suchedniow"]
[Date "1899-12-30"]
[Round "6.11"]
[White "Swiech, Joanna"]
[Black "Leczek, Weronika"]
[Result "0-1"]
[WhiteTitle "k"]
[BlackTitle "I++"]
[WhiteElo "1888"]
[BlackElo "1668"]

1. d4 d5 2. Nf3 e6 3. c4 c6 4. e3 Nf6 5. Nc3 Nbd7 6. Bd3 dxc4 7. Bxc4 b5 8. Bd3
Bb7 9. O-O Bd6 10. a3 a5 11. Qc2 O-O 12. Bd2 Qe7 13. h3 Rfc8 14. Qb1 e5 15. dxe5
Nxe5 16. Nxe5 Bxe5 17. Ne2 h6 18. f4 Bc7 19. e4 Rd8 20. Bc3 c5 21. Ng3 c4 22.
Bc2 b4 23. axb4 axb4 24. Rxa8 Bxa8 25. Bxf6 Qxf6 26. e5 Qe7 27. Qe1 Qc5+ 28. Kh2
c3 29. bxc3 bxc3 30. Ne4 Qc4 31. Rf2 Ba5 32. Nd6 Qd4 33. Qe2 g6 34. Rf1 Bb4 35.
Ne4 Bxe4 36. Qxe4 Qxe4 37. Bxe4 Rd2 38. Rc1 Rd4 39. Bc2 Rxf4 40. e6 fxe6 41. Bxg6
Bd6 42. Kg1 Bc5+ 43. Kh2 Bd4 44. Bd3 e5 45. Kg3 Kf7 46. Rc2 Ke6 47. Bc4+ Kf5 48.
Bd3+ e4 49. Be2 e3 50. Bd3+ Ke5 51. Ra2 Rf2 52. Ra5+ Kd6 53. Ra6+ Kc5 54. Ra5+
Kb4 55. Rb5+ Ka3 56. Rd5 Bb6 57. Rb5 Bc7+ 58. Kh4 e2 0-1

[Event "Druzynowe Mistrzostwa Polski Juniorow - I liga"]
[Site "Suchedniow"]
[Date "1899-12-30"]
[Round "6.12"]
[White "Slusarczyk, Milena"]
[Black "Gaj, Magdalena"]
[Result "0-1"]
[WhiteTitle "I"]
[BlackTitle "I"]
[WhiteElo "1444"]
[BlackElo "1272"]

1. e4 d5 2. exd5 Qxd5 3. Nf3 Nf6 4. d4 Bg4 5. Be2 c6 6. c4 Qa5+ 7. Nc3 e6 8. O-O
Qc7 9. Qb3 Bd6 10. h3 Bf5 11. Nh4 Bg6 12. Nxg6 hxg6 13. Be3 Nbd7 14. Rfd1 Bh2+
15. Kh1 O-O-O 16. d5 Bd6 17. dxc6 Qxc6 18. Bf3 Rxh3+ 19. Kg1 Rxf3 20. Nb5 Bc5
21. gxf3 Qxf3 22. Bxc5 Qg4+ 23. Qg3 Nxc5 24. Rxd8+ Kxd8 25. Qxg4 Nxg4 26. Rd1+
Ke7 27. Nxa7 Ne5 28. Nc8+ Kf6 29. b3 Ncd3 30. Nd6 Nc5 31. Re1 Nf3+ 32. Kf1 Nxe1
33. Kxe1 Ke7 34. Nb5 Nd3+ 35. Kf1 f5 36. Nc3 Kd6 37. Ke2 Nf4+ 38. Ke3 e5 39. b4
g5 40. c5+ Kc6 41. a4 Nd5+ 42. Nxd5 Kxd5 43. a5 g4 44. Ke2 f4 45. f3 gxf3+ 46.
Kxf3 g5 47. Kf2 e4 48. Kf1 g4 49. Kf2 e3+ 50. Ke2 Kc6 51. Kf1 g3 52. Ke1 0-1

[Event "Druzynowe Mistrzostwa Polski Juniorow - I liga"]
[Site "Suchedniow"]
[Date "1899-12-30"]
[Round "6.13"]
[White "Kindler, Przemyslaw"]
[Black "Bilczewski, Kacper"]
[Result "1-0"]
[WhiteTitle "k"]
[BlackTitle "I"]
[WhiteElo "2099"]
[BlackElo "2092"]

1. Nf3 Nf6 2. d3 d6 3. g3 g6 4. Bg2 Bg7 5. O-O O-O 6. c4 c5 7. Nc3 Bd7 8. Rb1 Bc6
9. e3 e6 10. d4 cxd4 11. exd4 d5 12. b3 dxc4 13. Ba3 Re8 14. bxc4 Ne4 15. Qc2
Nxc3 16. Qxc3 Nd7 17. Rfd1 Rc8 18. Bd6 Nb6 19. c5 Be4 20. Rb3 Bd5 21. Ne5 f6 22.
Nd3 Bxg2 23. Kxg2 Nd5 24. Qd2 Qd7 25. Nf4 Qc6 26. Nxd5 Qxd5+ 27. Kg1 Red8 28.
Rdb1 b6 29. Qb4 Rc6 30. Qa4 f5 31. Qxa7 Bxd4 32. Be7 Rdc8 33. Rxb6 Rxb6 34. Qxb6
Qxa2 35. Rf1 Qd5 36. Rc1 Qf3 37. Qxe6+ Kg7 38. Bf6+ 1-0

[Event "Druzynowe Mistrzostwa Polski Juniorow - I liga"]
[Site "Suchedniow"]
[Date "1899-12-30"]
[Round "6.15"]
[White "Godzwon, Iwo"]
[Black "Ochowicz, Jakub"]
[Result "1/2-1/2"]
[WhiteTitle "I+"]
[BlackTitle "I++"]
[WhiteElo "2059"]
[BlackElo "2069"]

1. e4 c5 2. Nf3 e6 3. d4 cxd4 4. Nxd4 a6 5. Bd3 Nf6 6. Qe2 d6 7. f4 g6 8. O-O Bg7
9. Kh1 O-O 10. c4 Nc6 11. Nxc6 bxc6 12. Nc3 Bb7 13. f5 Nd7 14. Bf4 e5 15. Be3
Qe7 16. Rad1 Rad8 17. Bc2 Nf6 18. Bg5 h6 19. Bh4 g5 20. Bg3 Rfe8 21. Bb3 Nd7 22.
Qf3 Qf6 23. Bf2 Bf8 24. Qh5 Be7 25. Rd2 Qg7 26. Qe2 Qf6 27. Bg1 Kg7 28. Qh5 Rg8
29. Be3 c5 30. Qe2 Rb8 31. Bg1 Nb6 1/2-1/2

[Event "Druzynowe Mistrzostwa Polski Juniorow - I liga"]
[Site "Suchedniow"]
[Date "1899-12-30"]
[Round "6.16"]
[White "Polczyk, Mikolaj"]
[Black "Banach, Jakub"]
[Result "1-0"]
[WhiteTitle "I"]
[BlackTitle "II+"]
[WhiteElo "1855"]
[BlackElo "1573"]

1. e4 e6 2. d4 d5 3. Nd2 c5 4. exd5 Qxd5 5. Ngf3 cxd4 6. Bc4 Qd6 7. O-O Nf6 8.
Nb3 Nc6 9. Nbxd4 Nxd4 10. Nxd4 Bd7 11. Re1 Qc7 12. Bd3 Bd6 13. g3 O-O-O 14. Qf3
h6 15. Nb5 Bxb5 16. Bxb5 Qa5 17. Qe2 a6 18. Bc4 h5 19. h4 Ng4 20. c3 Qb6 21. Kg2
Qc6+ 22. Qe4 Qc5 23. Rf1 Ne5 24. Bb3 Ng4 25. Bg5 Rde8 26. Rad1 Bc7 27. Ba4 Ref8
28. b4 Qb6 29. Be7 f5 30. Qe2 e5 31. Bxf8 Rxf8 32. Qc4 Kb8 33. Rd7 f4 34. Qc5
Qxc5 35. bxc5 fxg3 36. Kxg3 e4+ 37. Kg2 e3 38. f3 Ne5 39. Re7 e2 40. Rb1 Nd3 41.
Bc6 e1=Q 42. Rxb7+ Kc8 43. Rbxc7+ Kb8 44. Rb7+ Kc8 45. Rxe1 Nxe1+ 46. Kg3 Nd3
47. Rxg7 Nxc5 48. Rg5 Ne6 49. Rxh5 Rg8+ 50. Kf2 Nf4 51. Rf5 Nd3+ 52. Ke3 Ne1 53.
h5 Ng2+ 54. Kf2 Kc7 55. Bd5 Nh4 56. Rf4 Rg2+ 57. Kf1 Rh2 58. Kg1 Rh3 59. Be6 Nxf3+
60. Kg2 Rxh5 61. Rxf3 Rc5 62. Kf2 Kb6 63. Ke2 Rc6 64. Bd5 Rd6 65. c4 Kc5 66. Kd3
Rh6 67. Kc3 a5 68. Be4 Rh2 69. Rf5+ Kb6 70. Rb5+ Ka6 71. a4 Rh3+ 72. Kd4 Ra3 73.
Kc5 Rxa4 74. Rb8 Rxc4+ 75. Kxc4 1-0

[Event "Druzynowe Mistrzostwa Polski Juniorow - I liga"]
[Site "Suchedniow"]
[Date "1899-12-30"]
[Round "6.17"]
[White "Kindler, Karolina"]
[Black "Stebel, Agata"]
[Result "1/2-1/2"]
[WhiteTitle "I+"]
[BlackTitle "k"]
[WhiteElo "1714"]
[BlackElo "1791"]

1. b3 Nf6 2. Bb2 g6 3. Nf3 Bg7 4. c4 O-O 5. e3 c5 6. Be2 Nc6 7. O-O a5 8. d3 d6
9. a3 Bd7 10. Qc2 e5 11. Nc3 Ne8 12. Nd5 f5 13. Bc3 Nf6 14. Qb2 Nxd5 15. cxd5
Ne7 16. e4 b5 17. b4 cxb4 18. axb4 a4 19. Nd2 fxe4 20. dxe4 Qb6 21. Nb1 Rac8 22.
Na3 Bh6 23. Bd2 Bf4 24. Bxf4 Rxf4 25. Bd3 Rb8 26. Rac1 Rff8 27. Rc2 Rfc8 28. Rfc1
Rxc2 29. Rxc2 Rc8 30. Rxc8+ Nxc8 31. Qc3 1/2-1/2

[Event "Druzynowe Mistrzostwa Polski Juniorow - I liga"]
[Site "Suchedniow"]
[Date "1899-12-30"]
[Round "6.18"]
[White "Bilczewska, Olga"]
[Black "Jarocka, Liwia"]
[Result "1-0"]
[WhiteTitle "I"]
[BlackTitle "I++"]
[WhiteElo "1520"]
[BlackElo "1797"]

1. e4 e5 2. Nf3 Nc6 3. Bc4 Bc5 4. c3 Nf6 5. d3 a6 6. Nbd2 Ba7 7. Bb3 O-O 8. O-O
d6 9. Nc4 h6 10. Ne3 Be6 11. h3 Re8 12. Bc2 d5 13. exd5 Nxd5 14. Re1 Qf6 15. Nc4
Bf5 16. Qe2 Bg6 17. Bd2 Re6 18. Nh2 Rae8 19. Ng4 Qd8 20. Rad1 b5 21. Nce3 Nf4
22. Qf3 Bh5 23. Bc1 Qa8 24. Nf5 Na5 25. Qxa8 Rxa8 26. Bxf4 exf4 27. Rxe6 fxe6
28. Nh4 Bxg4 29. hxg4 g5 30. Nf3 Kg7 31. b3 Nc6 32. d4 Rd8 33. Be4 Ne7 34. Ne5
c5 35. Nf3 Nd5 36. dxc5 Rc8 37. Bxd5 exd5 38. Rxd5 Bxc5 39. Kf1 Be7 40. Rd3 Bf6
41. Rd7+ Kg8 42. Rd6 Bxc3 43. Rxh6 Bb2 44. Ke1 a5 45. Rg6+ Kf7 46. Rxg5 Ba3 47.
Rxb5 Rc2 48. Rf5+ Kg7 49. Rxf4 Rxa2 50. Nd2 Bb4 51. Rd4 Rb2 52. Rd3 Kf6 53. Kd1
Kg5 54. f3 Kf4 55. Rd5 Ra2 56. g5 Ra1+ 57. Ke2 Bxd2 58. Kxd2 Ra2+ 59. Kc3 Rxg2
60. Rxa5 Kxf3 61. b4 Kf4 62. Kc4 Rc2+ 63. Kd3 Rg2 64. Rc5 Rg1 65. b5 Rd1+ 66.
Kc2 Rd6 67. Rc6 Rd5 68. b6 Rxg5 69. Kc3 Rb5 70. Kc4 Rb1 71. Kd5 Rb5+ 72. Kd6 Ke4
73. Kc7 Kd5 74. b7 Rb4 75. Rc2 Ke6 76. b8=Q Rxb8 77. Kxb8 Kd5 78. Kb7 Kd4 79.
Kb6 Kd3 80. Rc8 Kd4 81. Kb5 Kd3 82. Kb4 Kd2 83. Kb3 Kd1 84. Kb2 Kd2 85. Rd8+ Ke3
86. Kc3 Ke2 87. Kc2 Ke3 88. Kc3 Ke2 89. Rd7 Ke3 90. Re7+ 1-0

[Event "Druzynowe Mistrzostwa Polski Juniorow - I liga"]
[Site "Suchedniow"]
[Date "1899-12-30"]
[Round "6.19"]
[White "Krzeminski, Sebastian"]
[Black "Mockun, Dawid"]
[Result "0-1"]
[WhiteTitle "I"]
[BlackTitle "I"]
[WhiteElo "1818"]
[BlackElo "2061"]

1. d4 e6 2. c4 d5 3. Nf3 Nf6 4. Bg5 c6 5. Nbd2 Nbd7 6. Qc2 Qa5 7. a3 Ne4 8. Bf4
Be7 9. c5 Nxd2 10. Nxd2 e5 11. b4 Qc7 12. Bg3 Bf6 13. Nf3 O-O 14. e4 Re8 15. Bd3
Qd8 16. O-O dxe4 17. Bxe4 g6 18. Rad1 exd4 19. Nxd4 Qe7 20. Bf3 Ne5 21. Bxe5 Bxe5
22. Nxc6 bxc6 23. Bxc6 Bf5 24. Qc4 Qc7 25. Bxa8 Bxh2+ 26. Kh1 Rxa8 27. Rfe1 Bf4
28. b5 h5 29. a4 h4 30. Rd4 Bg5 31. f4 Bf6 32. Rd6 Be7 33. Rc6 Qd7 34. Qe2 Bf8
35. Qe5 Qd3 36. Qe3 Qd5 37. Qf3 Qd8 38. Rd1 Qe8 39. Rc7 h3 40. Qf2 Be4 41. Qa2
hxg2+ 42. Kg1 Rc8 43. Rxc8 Qxc8 44. Rc1 Bxc5+ 45. Kh2 Qg4 0-1

[Event "Druzynowe Mistrzostwa Polski Juniorow - I liga"]
[Site "Suchedniow"]
[Date "1899-12-30"]
[Round "6.20"]
[White "Buraczewski, Rafal"]
[Black "Urbanski, Wojciech"]
[Result "1-0"]
[WhiteTitle "I++"]
[BlackTitle "II"]
[WhiteElo "2020"]
[BlackElo "1723"]

1. d4 f5 2. g3 e6 3. Bg2 c6 4. c4 d5 5. Qc2 Nf6 6. Nh3 Bd6 7. Nd2 O-O 8. O-O Nbd7
9. Nf3 h6 10. Bf4 Be7 11. cxd5 cxd5 12. Bc7 Qe8 13. Nf4 Kf7 14. Ne5+ Nxe5 15.
dxe5 Nd7 16. Qxf5+ Nf6 17. Qg6+ Kg8 18. exf6 Bxf6 19. Qxe8 Rxe8 20. Rab1 b6 21.
e4 Ba6 22. Rfc1 Rac8 23. exd5 exd5 24. Bxd5+ Kh8 25. Re1 Rxe1+ 26. Rxe1 g5 27.
Nh5 Bxb2 28. Be5+ Bxe5 29. Rxe5 g4 30. Re1 Rc5 31. Nf4 b5 32. Re7 b4 33. Ng6#
1-0

[Event "Druzynowe Mistrzostwa Polski Juniorow - I liga"]
[Site "Suchedniow"]
[Date "1899-12-30"]
[Round "6.21"]
[White "Warchol, Bartosz"]
[Black "Rudzinska, Michalina"]
[Result "0-1"]
[WhiteTitle "I"]
[BlackTitle "I++"]
[WhiteElo "1702"]
[BlackElo "1823"]

1. d4 Nf6 2. c4 e6 3. Nf3 c5 4. Nc3 cxd4 5. Nxd4 a6 6. g3 Qc7 7. Qd3 Nc6 8. Nxc6
dxc6 9. Bg2 Be7 10. O-O O-O 11. Rd1 e5 12. Bg5 Be6 13. b3 Rad8 14. Qc2 h6 15.
Bc1 b5 16. cxb5 cxb5 17. Rxd8 Rxd8 18. a3 a5 19. Bb2 b4 20. axb4 axb4 21. Rc1
bxc3 22. Bxc3 Ba3 23. Ra1 Bb4 24. Rc1 Bxc3 25. Qxc3 Qxc3 26. Rxc3 Rd1+ 27. Bf1
Bh3 0-1

[Event "Druzynowe Mistrzostwa Polski Juniorow - I liga"]
[Site "Suchedniow"]
[Date "1899-12-30"]
[Round "6.22"]
[White "Wierzbicki, Michal"]
[Black "Kulesza, Andrzej"]
[Result "1/2-1/2"]
[WhiteTitle "I"]
[BlackTitle "I"]
[WhiteElo "1712"]
[BlackElo "1675"]

1. d4 Nf6 2. Nf3 g6 3. c4 c5 4. Nc3 cxd4 5. Nxd4 Bg7 6. e3 O-O 7. Be2 Nc6 8. O-O
d6 9. a3 a5 10. Ncb5 Bd7 11. Bd2 a4 12. Rc1 Ne4 13. Be1 Nc5 14. Bc3 Na5 15. Bxa5
Qxa5 16. Nc3 Rac8 17. Nd5 Rfe8 18. Qe1 Qxe1 19. Rfxe1 Bc6 20. Nb4 Bd7 21. Red1
f5 22. Rc2 Kf7 23. Bf3 Red8 24. Nd3 Nxd3 25. Rxd3 Bc6 26. Bxc6 bxc6 27. b4 c5
28. Nb5 Rc6 29. g3 cxb4 30. axb4 Rdc8 31. Na3 e6 32. Rd1 Bf8 33. Rb1 d5 34. c5
Rb8 35. Kf1 e5 36. Ke2 Ke6 37. Rcb2 e4 38. Nc2 Bg7 39. Nd4+ Bxd4 40. exd4 Ra6
41. Kd2 Kd7 42. Kc3 a3 43. Ra2 Ra4 44. Rb3 Rba8 45. Kd2 Kc6 46. b5+ Kb7 47. Ke3
g5 48. Rc3 R4a5 1/2-1/2

[Event "Druzynowe Mistrzostwa Polski Juniorow - I liga"]
[Site "Suchedniow"]
[Date "1899-12-30"]
[Round "6.23"]
[White "Waszczuk, Patrycja"]
[Black "Murawko, Julia"]
[Result "1/2-1/2"]
[WhiteTitle "k"]
[BlackTitle "I++"]
[WhiteElo "1867"]
[BlackElo "1792"]

1. e4 c6 2. d4 d5 3. Nc3 dxe4 4. Nxe4 Nf6 5. Ng3 g6 6. Nf3 Bg7 7. Bc4 O-O 8. O-O
Bg4 9. c3 Nbd7 10. Be2 Nb6 11. h3 Be6 12. b3 Qc7 13. Qc2 Nbd5 14. Bb2 Ne3 15.
fxe3 Qxg3 16. Kh1 Nh5 17. Bd3 f5 18. Qf2 Qd6 19. Kg1 Bf6 20. c4 g5 21. Nd2 Ng3
22. Rfe1 Rad8 23. Nf1 Nxf1 24. Bxf1 Rf7 25. Rad1 h5 26. Kh1 g4 27. Qf4 Qxf4 28.
exf4 Bc8 29. Kh2 c5 30. Re2 cxd4 31. Red2 e5 32. fxe5 Bxe5+ 33. Kg1 b6 1/2-1/2

[Event "Druzynowe Mistrzostwa Polski Juniorow - I liga"]
[Site "Suchedniow"]
[Date "1899-12-30"]
[Round "6.24"]
[White "Wolagiewicz, Kinga"]
[Black "Mysliwiec, Natalia"]
[Result "1/2-1/2"]
[WhiteTitle "I"]
[BlackTitle "I"]
[WhiteElo "1579"]
[BlackElo "1311"]

1. d4 d5 2. e3 c6 3. Bd3 Nd7 4. Nf3 e6 5. Qe2 c5 6. c3 Ngf6 7. Nbd2 Be7 8. O-O
O-O 9. e4 dxe4 10. Nxe4 Nxe4 11. Qxe4 Nf6 12. Qh4 g6 13. Rd1 Nh5 14. Qe4 Qc7 15.
Qe2 b6 16. Be4 Bb7 17. Bxb7 Qxb7 18. dxc5 Bxc5 19. Bh6 Rfd8 20. Qe5 Bf8 21. Bxf8
Rxf8 22. Rd2 Rfd8 23. Rad1 Qe7 24. Nd4 Qe8 25. h3 Rd5 26. Qe3 Rad8 27. c4 R5d7
28. Nf3 Qe7 29. Ne5 Rxd2 30. Rxd2 Rxd2 31. Qxd2 Qc7 32. Qd4 Qe7 33. Qd7 Qxd7 34.
Nxd7 f5 35. Ne5 Nf6 36. Nc6 a5 37. Ne7+ Kf8 38. Nc8 Nd7 39. Kf1 1/2-1/2

[Event "Druzynowe Mistrzostwa Polski Juniorow - I liga"]
[Site "Suchedniow"]
[Date "1899-12-30"]
[Round "6.25"]
[White "Winiarski, Mikolaj"]
[Black "Piotrowski, Przemyslaw"]
[Result "1/2-1/2"]
[WhiteTitle "k"]
[BlackTitle "k"]
[WhiteElo "2209"]
[BlackElo "2201"]

1. d4 d5 2. c4 dxc4 3. e3 Nf6 4. Bxc4 e6 5. Nf3 c5 6. O-O a6 7. a4 Nc6 8. Nc3 Be7
9. h3 O-O 10. dxc5 Bxc5 11. e4 Qc7 12. Bg5 Nd7 13. Rc1 h6 14. Bd2 b6 15. Ne2 Rd8
16. Qb3 Nde5 17. Bf4 Nxf3+ 18. Qxf3 Qe7 19. Qg3 Kh8 20. Be3 Bb7 21. Bxc5 bxc5
22. Nc3 Rd2 23. b3 Rad8 24. Rcd1 Rxd1 25. Rxd1 Rxd1+ 26. Nxd1 Qd8 27. Ne3 Nd4
28. Qe5 Qc8 29. b4 f6 30. Qxc5 Qxc5 31. bxc5 Bxe4 32. Bxa6 Nb3 33. f3 Nxc5 34.
fxe4 Nxa6 35. e5 Kg8 36. exf6 gxf6 37. Kf2 Kf7 38. Kf3 f5 39. Nc4 Kf6 40. Kf4
Nc5 41. a5 e5+ 42. Kg3 Ke6 43. Nd2 Kf6 44. Kh4 e4 45. Nc4 Ke6 46. Kh5 f4 47. Kg4
e3 48. Kf3 Nb3 49. Nb2 Kf5 50. g4+ Kg5 1/2-1/2

[Event "Druzynowe Mistrzostwa Polski Juniorow - I liga"]
[Site "Suchedniow"]
[Date "1899-12-30"]
[Round "6.26"]
[White "Kanicki, Krzysztof"]
[Black "Chylewski, Patryk"]
[Result "1/2-1/2"]
[WhiteTitle "k"]
[BlackTitle "k"]
[WhiteElo "2147"]
[BlackElo "2162"]

1. e4 c5 2. Nf3 Nc6 3. Bb5 d6 4. Bxc6+ bxc6 5. O-O Bg4 6. c3 Nf6 7. h3 Bh5 8. Re1
e5 9. d3 Be7 10. Nbd2 O-O 11. Nf1 Re8 12. Ng3 Bg6 13. Nh4 Bf8 14. Bg5 Rb8 15.
Qe2 h6 16. Nxg6 fxg6 17. Be3 d5 18. Rad1 Qa5 19. a3 d4 20. cxd4 cxd4 21. Bc1 Bd6
22. Qc2 Qb5 23. Nf1 Nd7 24. Nd2 Nb6 25. Kf1 Rf8 26. Nc4 Nxc4 27. dxc4 Qb3 28.
Qxb3 Rxb3 29. Ke2 a5 30. f3 Rfb8 31. Rd3 a4 32. Rxb3 Rxb3 33. Rd1 Kf7 34. Rd3
Rxd3 35. Kxd3 c5 36. Kc2 Ke6 37. Bd2 Bc7 38. Kd3 Bd8 39. Kc2 Bc7 40. Be1 Bd8 41.
Bd2 1/2-1/2

[Event "Druzynowe Mistrzostwa Polski Juniorow - I liga"]
[Site "Suchedniow"]
[Date "1899-12-30"]
[Round "6.27"]
[White "Sanz, Wawer Daniel"]
[Black "Baran, Mateusz"]
[Result "1-0"]
[WhiteTitle "k"]
[BlackTitle "II"]
[WhiteElo "1964"]
[BlackElo "1411"]

1. e4 e5 2. Nf3 Nc6 3. Bc4 Nf6 4. Ng5 d5 5. exd5 b5 6. Bf1 Nxd5 7. Qf3 f6 8. Bxb5
Bb7 9. Ne6 Qd6 10. Qxd5 Rc8 11. Qxd6 cxd6 12. Nxf8 Kxf8 13. Bxc6 Bxc6 14. O-O
g5 15. d3 h5 16. Be3 Rc7 17. d4 h4 18. dxe5 dxe5 19. c4 f5 20. Bc5+ Ke8 21. Bd6
Rch7 22. Bxe5 Rg8 23. Nc3 h3 24. g3 f4 25. Nd5 Bxd5 26. cxd5 fxg3 27. Bxg3 g4
28. Rfe1+ Kd7 29. Rac1 Rf7 30. Rc4 Ke8 1-0

[Event "Druzynowe Mistrzostwa Polski Juniorow - I liga"]
[Site "Suchedniow"]
[Date "1899-12-30"]
[Round "6.28"]
[White "Madajczak, Piotr"]
[Black "Kokoszczynski, Jan"]
[Result "0-1"]
[WhiteTitle "II+"]
[BlackTitle "k"]
[WhiteElo "1479"]
[BlackElo "1927"]

1. e4 c5 2. Nf3 d6 3. d4 cxd4 4. Nxd4 Nf6 5. Nc3 a6 6. Be2 e5 7. Nb3 Be6 8. Bf3
Be7 9. O-O Nbd7 10. a4 O-O 11. Re1 Qc7 12. Bg5 h6 13. Bxf6 Nxf6 14. Nd2 Rfd8 15.
Nf1 Qc5 16. Ne3 b5 17. Qd3 Bc4 18. Nxc4 bxc4 19. Qd2 Rab8 20. Rab1 Rdc8 21. Red1
Rc6 22. Be2 Bd8 23. Nd5 Nxe4 24. Qe3 f5 25. Bf3 Bg5 26. Qxc5 Rxc5 27. Bxe4 fxe4
28. Nc3 Rc6 29. Nxe4 Be7 30. c3 Kf7 31. f3 Ke6 32. Rd2 Rcb6 33. Rc2 d5 34. Nf2
Ba3 35. Nd1 Rb3 36. Kf1 Kd6 37. Ke2 Bc5 38. Ra1 Re8 39. Ne3 Bxe3 40. Kxe3 Reb8
41. Ra2 d4+ 42. Kf2 Kd5 43. Kg3 d3 44. Rd2 e4 45. Kf2 Re8 46. fxe4+ Kxe4 47. Ra1
Rf8+ 48. Ke1 Ke3 49. g3 Rb6 50. Rg2 Rbf6 51. Rg1 Rf1+ 52. Rxf1 d2+ 0-1

[Event "Druzynowe Mistrzostwa Polski Juniorow - I liga"]
[Site "Suchedniow"]
[Date "1899-12-30"]
[Round "6.29"]
[White "Olechnicka, Karolina"]
[Black "Kalinowska, Karolina"]
[Result "1-0"]
[WhiteTitle "k++"]
[BlackTitle "I"]
[WhiteElo "1883"]
[BlackElo "1544"]

1. e4 e6 2. d4 d5 3. Nd2 Nf6 4. e5 Nfd7 5. Bd3 c5 6. c3 Nc6 7. Ne2 cxd4 8. cxd4
f6 9. exf6 Nxf6 10. O-O Bd6 11. Nf3 Qc7 12. Nc3 a6 13. Bg5 O-O 14. Bh4 h6 15.
Rc1 Nh5 16. Bg6 Nf4 17. Bb1 Qf7 18. Qc2 Qh5 19. Qh7+ Kf7 20. Rce1 Ng6 21. Ng5+
Ke7 22. Qxg7+ Kd8 23. Nxe6+ Ke8 24. Nc7# 1-0

[Event "Druzynowe Mistrzostwa Polski Juniorow - I liga"]
[Site "Suchedniow"]
[Date "1899-12-30"]
[Round "6.30"]
[White "Pawicka, Magdalena"]
[Black "Moscicka, Pola"]
[Result "0-1"]
[WhiteTitle "I"]
[BlackTitle "k"]
[WhiteElo "1600"]
[BlackElo "1769"]

1. e4 c6 2. d4 d5 3. Nc3 dxe4 4. Nxe4 Nd7 5. Ng5 Ngf6 6. Bd3 e6 7. N1f3 Be7 8.
O-O h6 9. Ne4 O-O 10. Re1 c5 11. c3 cxd4 12. Nxd4 Nc5 13. Nxc5 Bxc5 14. Be3 Be7
15. Qc2 a6 16. a4 Qc7 17. h3 b6 18. Rad1 Bb7 19. Qc1 Rad8 20. Bf4 Bd6 21. Bxd6
Qxd6 22. Bb1 Qd5 23. Nf3 Qc6 24. Rxd8 Rxd8 25. Rd1 Rc8 26. Rd4 e5 27. Rb4 Qd6
28. Qe3 Qd1+ 29. Qe1 Bxf3 30. Qxd1 Bxd1 31. Rxb6 Be2 32. Bf5 Rd8 33. f3 Nd5 34.
Rc6 Ne7 35. Rc5 Nxf5 36. Rxe5 Bd3 37. g4 Nh4 38. Kf2 Ng6 39. Ra5 Re8 40. b4 Re2+
41. Kg1 Nf4 42. b5 axb5 43. axb5 Rb2 44. Ra8+ Kh7 45. Rb8 Nxh3+ 46. Kh1 Ng5 0-1

[Event "Druzynowe Mistrzostwa Polski Juniorow - I liga"]
[Site "Suchedniow"]
[Date "1899-12-30"]
[Round "7.1"]
[White "Piotrowski, Przemyslaw"]
[Black "Pilzak, Marcin"]
[Result "1-0"]
[WhiteTitle "k"]
[BlackTitle "k"]
[WhiteElo "2201"]
[BlackElo "2010"]

1. d4 Nf6 2. Nf3 e6 3. g3 d5 4. Bg2 Be7 5. O-O O-O 6. c4 dxc4 7. Qc2 a6 8. a4 c5
9. Qxc4 b5 10. Qc2 Bb7 11. dxc5 Be4 12. Qc3 bxa4 13. Be3 Bc6 14. Bd4 Nbd7 15.
Nbd2 Rc8 16. Rfd1 Bb5 17. b4 axb3 18. Nxb3 Bxe2 19. Rdc1 Bb5 20. Ne5 Nxe5 21.
Bxe5 Nd5 22. Qb2 f6 23. Bd4 Qc7 24. Bh3 f5 25. Bxg7 Bf6 26. Bxf6 Nxf6 27. Bg2
Bc6 28. Bxc6 Qxc6 29. Nd4 Qd5 30. Rxa6 Rfe8 31. Rd6 Qe5 32. Qb3 Kf7 33. Nxe6 Rxe6
34. Qb7+ Re7 35. Qxc8 Ne4 36. Rd7 Ng5 37. Rxe7+ Kxe7 38. Qb7+ Kf6 39. Qc6+ Kf7
40. Qd7+ Kg8 41. Qd8+ 1-0

[Event "Druzynowe Mistrzostwa Polski Juniorow - I liga"]
[Site "Suchedniow"]
[Date "1899-12-30"]
[Round "7.2"]
[White "Dembinski, Bartosz"]
[Black "Kanicki, Krzysztof"]
[Result "0-1"]
[WhiteTitle "II"]
[BlackTitle "k"]
[WhiteElo "1456"]
[BlackElo "2147"]

1. e4 c5 2. Nf3 Nc6 3. d3 g6 4. g3 Bg7 5. Bg2 e6 6. h4 Nf6 7. Nc3 O-O 8. O-O d5
9. exd5 exd5 10. Bg5 h6 11. Bf4 Nh5 12. Qd2 Nxf4 13. Qxf4 Be6 14. Rfe1 Qb8 15.
Qxb8 Raxb8 16. Kh2 Rfd8 17. Bh3 Bxh3 18. Kxh3 b5 19. Rab1 Kf8 20. Nd2 Nb4 21.
Nb3 c4 22. dxc4 bxc4 23. Na5 Rd6 24. Red1 Ra6 25. Nxd5 Rxa5 26. Nxb4 Rxb4 27.
Rd8+ Ke7 28. Rbd1 Rb7 29. Rg8 Bxb2 30. Re1+ Re5 0-1

[Event "Druzynowe Mistrzostwa Polski Juniorow - I liga"]
[Site "Suchedniow"]
[Date "1899-12-30"]
[Round "7.3"]
[White "Baran, Mateusz"]
[Black "Chrost, Hugo"]
[Result "1-0"]
[WhiteTitle "II"]
[BlackTitle "II"]
[WhiteElo "1411"]
[BlackElo "1395"]

1. e4 e5 2. d4 exd4 3. Qxd4 Nc6 4. Qe3 b6 5. Nc3 Bc5 6. Qg3 g6 7. Bd2 Bb7 8. O-O-O
d6 9. f4 Qd7 10. Nf3 O-O-O 11. Nd5 Nge7 12. Bc3 Rhf8 13. Bg7 Rg8 14. Nf6 Qe6 15.
Nxg8 Rxg8 16. Bc3 Qxa2 17. Nd2 Nb4 18. Nb3 Bxe4 19. Bxb4 Bxb4 20. Rd4 Nf5 21.
Qh3 Bxc2 22. Kxc2 Ba3 23. Qc3 Nxd4+ 24. Nxd4 Bc5 25. Bc4 Qa4+ 26. Nb3 Qc6 27.
Rd1 Qxg2+ 28. Nd2 Qg4 29. b4 Bf2 30. Ba6+ Kd7 31. Ne4 Qf5 32. Bd3 Qxf4 33. Nf6+
Kc8 34. Nxg8 Qxh2 35. Ba6+ Kd8 36. Qf6+ Kd7 37. Bb5+ Kc8 38. Ba6+ Kd7 39. Qe7+
Kc6 40. b5+ Kc5 41. Qxc7+ Kb4 42. Qc3+ Ka4 43. Ra1# 1-0